LAW AND SOCIAL TRANSFORMATION IN INDIA (Record no. 24013)

MARC details
000 -LEADER
fixed length control field 00347nam a22001457a 4500
003 - CONTROL NUMBER IDENTIFIER
control field SGT
020 ## - INTERNATIONAL STANDARD BOOK NUMBER
International Standard Book Number 9789391787301
082 ## - DEWEY DECIMAL CLASSIFICATION NUMBER
Classification number 340.1150954
Item number MAL
100 ## - MAIN ENTRY--PERSONAL NAME
Personal name MALIK KRISHNA PAL
245 ## - TITLE STATEMENT
Title LAW AND SOCIAL TRANSFORMATION IN INDIA
250 ## - EDITION STATEMENT
Edition statement 4
260 ## - PUBLICATION, DISTRIBUTION, ETC. (IMPRINT)
Place of publication, distribution, etc FARIDABAD
Name of publisher, distributor, etc ALLAHABAD LAW AGENCY
Year of Publication 2022
300 ## - PAGE DESCRIPTION
No. of Pages XXVIII ,596
942 ## - ADDED ENTRY ELEMENTS (KOHA)
Source of classification or shelving scheme Dewey Decimal Classification
Koha item type Books
Holdings
Withdrawn status Lost status Source of classification or shelving scheme Damaged status Not for loan Collection code Home library Current library Shelving location Date acquired Vendor Name Cost, normal purchase price SGTU Bill Number Full call number Accession No. (Barcode) Date last seen Bill Date Koha item type Total Checkouts
    Dewey Decimal Classification   Not For Loan LAW SGT Science & Social Sciences Library SGT Science & Social Sciences Library Reference Book 12/06/2023 COMMERCIAL BOOK HOUSE 595.00 SGTU 353 340.1150954 MAL FL3028 12/06/2023 19/05/2023 Books  
    Dewey Decimal Classification     LAW SGT Science & Social Sciences Library SGT Science & Social Sciences Library Text Book 12/06/2023 COMMERCIAL BOOK HOUSE 595.00 SGTU 353 340.1150954 MAL FL3029 12/06/2023 19/05/2023 Books  
    Dewey Decimal Classification     LAW SGT Science & Social Sciences Library SGT Science & Social Sciences Library Text Book 12/06/2023 COMMERCIAL BOOK HOUSE 595.00 SGTU 353 340.1150954 MAL FL3030 12/06/2023 19/05/2023 Books